000 00419 a2200109 4500
245 _aOne step further
_hvideocassette
650 _aFICTION
005 20191017172924.0
260 _axx
_c1982
084 _aVBD 1733 (viewing copy)
300 _a1 videocassette : sd., col.
_b 3/4 in.
_c1 videocassette : sd., col. ; 3/4 in.
500 _aproduced by HSC-TV The University of Health Science Center at Houston ; writer/producer/narrator Susan R. Madigan.
999 _c9555
_d9555